000 02210cam a22002174a 4500
005 20250605164200.0
008 250528s ||||||||||||||||||||||||d
035 _a19738
020 _a960802806
040 _aGR-AtMCL
_bgre
_dGR-AtMCL
_eAACR2
245 1 _aΕφαρμογές Μεθοδολογίας Επιστημονικής Έρευνας / Παράδειγμα: Ηλικία και Σχολική Επίδοση
250 _a1
260 _c2004
300 _a425
520 _aΠρόλογος, Εισαγωγή, Νομικό και Θεωρητικό Πλαίσιο και Ερευνητικά Δεδομένα Διεθνώς και στην Ελλάδα, Η Ισχύουσα Πρακτική Διεθνώς και στην Ελλάδα, Γενικές Θεωρίες για την Εξέλιξη της Μαθησιακής Πορείας, Ερευνητικά Δεδομένα Διεθνώς και στην Ελλάδα, Ερευνητικό Πρόβλημα και Ερευνητική Μέθοδος και Ερευνηθείς Πληθυσμοί (Δείγμα), Η Νέα Έρευνα: Ερευνητική Πορεία και Κατανομή του Πληθυσμού που Ερευνήθηκε, Αποτελέσματα της Έρευνας για τη Διαχρονική (12ετή) Εξέλιξη της Σχολικής Επίδοσης των Μαθητών, Σειρά Παράθεσης των Αποτελεσμάτων της Έρευνας, Συνάφεια Ηλικίας και Σχολικής Επίδοσης των Μαθητών (Ανεξαρτήτως Φύλου) κατά Τάξη, Διερεύνηση της Διαφοράς των Μέσων Όρων Επίδοσης, Αποτελέσματα της Έρευνας για τη Διαχρονική Εξέλιξη της Επίδοσης στα Γλωσσικά Μαθήματα και τα Μαθηματικά σε Σχέση με τη Χρονολογική Ηλικία, Συμπεράσματα και Προτάσεις.
700 1 _aΔανασσής - Αφεντάκης Αντ. Κ
_95940
700 1 _aΔελλασούδας Λαυρ. Γ
_95941
942 _cBK
999 _c4994
_d4994